Cambridge international AS and A level mathematics pure mathematics 2 & 3: coursebook
I tiakina i:
| Kaituhi matua: | |
|---|---|
| Hōputu: | Pukapuka |
| Reo: | Ingarihi |
| I whakaputaina: |
Cambridge University Press
2016.
|
| Tags: |
Tāpirihia he Tūtohu
No Tags, Be the first to tag this record!
|
MARC
| LEADER | 00000nam a22000007a 4500 | ||
|---|---|---|---|
| 008 | 210419b ||||| |||| 00| 0 eng d | ||
| 020 | |a 978-1-316-60022-1 | ||
| 100 | |a NEILL, Hugh. | ||
| 245 | |a Cambridge international AS and A level mathematics |b pure mathematics 2 & 3: coursebook |c Hugh Neill, Douglas Quadling and Julian Gilbey. |g viii: 343p | ||
| 250 | |b Revised ed. | ||
| 260 | |b Cambridge University Press |c 2016. |h New York |i 690890 |i 690891 |l QA303 .N31 |m Calculus. | ||
| 942 | |a lcc |c BK |e ADEKANYE, I. H. |f 19/04/2021 | ||
| 952 | |0 0 |1 0 |2 lcc |4 0 |6 QA0303 N31 |7 0 |9 2211 |a HOL |b SL |c QZ |d 2021-04-19 |l 0 |o QA303 .N31 |p 2021-6065 |r 2021-04-19 00:00:00 |w 2021-04-19 |y BK | ||
| 952 | |0 0 |1 0 |2 lcc |4 0 |6 QA0303 N31 |7 0 |9 2212 |a HOL |b HOL |c QZ |d 2021-04-19 |l 0 |o QA303 .N31 |p 2021-6066 |r 2021-04-19 00:00:00 |w 2021-04-19 |y BK | ||
| 999 | |c 1153 |d 1153 | ||